| 000 | 01149cam a2200325 a 4500 | ||
|---|---|---|---|
| 001 | 1105424 | ||
| 003 | OSt | ||
| 005 | 20260220112212.0 | ||
| 008 | 930813s1993 coua b 000 0 eng | ||
| 010 | _a 93006435 | ||
| 020 | _a0891097538 | ||
| 020 | _a9780891097532 | ||
| 035 | _a1105424 | ||
| 040 |
_aDLC _cDLC _dDLC |
||
| 050 | 0 | 0 |
_aBR115.C69 _bC65 1993 |
| 082 | 0 | 0 |
_a253.5 _220 |
| 100 | 1 | _aCollins, Gary R. | |
| 245 | 1 | 4 |
_aThe biblical basis of Christian counseling for people helpers / _cGary R. Collins. |
| 260 |
_aColorado Springs, Colo. : _bNavPress, _cc1993. |
||
| 300 |
_a285 p. : _bill. ; _c24 cm. |
||
| 336 |
_atext _btxt _2rdacontent |
||
| 337 |
_aunmediated _bn _2rdamedia |
||
| 338 |
_avolume _bnc _2rdacarrier |
||
| 504 | _aIncludes bibliographical references (p. 263-277) and index. | ||
| 650 | 0 |
_aCounseling _xReligious aspects _xChristianity. |
|
| 906 |
_a7 _bcbc _corignew _d1 _eocip _f19 _gy-gencatlg |
||
| 942 |
_2lcc _cBK |
||
| 999 |
_c21295 _d21294 |
||